| 000 | 01265cam a2200361 a 4500 | ||
|---|---|---|---|
| 001 | 13942661 | ||
| 003 | EG-ScBUE | ||
| 005 | 20220530111106.0 | ||
| 008 | 050426t2005 maua f 000 0 eng d | ||
| 020 | _a1413009085 | ||
| 020 | _a9781413009088 | ||
| 035 | _a(OCoLC)ocm57547376 | ||
| 040 |
_aEG-ScBUE _beng _erda _cEG-ScBUE _dEG-ScBUE |
||
| 082 | 0 | 4 |
_a428.202465 _bMAS _222 |
| 100 | 1 |
_aMascull, Bill, _eauthor. _935936 |
|
| 245 | 1 | 0 |
_aBest practice : _bpre-intermediate : business English in context, _pCoursebook / _cBill Mascull. |
| 246 | 3 | 0 | _aCoursebook |
| 264 | 1 |
_aBoston : _bThomson ELT., _c[2005] |
|
| 264 | 4 | _cc2005 | |
| 300 |
_a159 pages : _bcolor illustrations ; _c30 cm |
||
| 336 |
_2rdacontent _atext _btxt |
||
| 337 |
_2rdamedia _aunmediated _bn |
||
| 338 |
_2rdacarrier _avolume _bnc |
||
| 650 | 7 |
_aEnglish language _xBusiness English. _2BUEsh |
|
| 650 | 7 |
_aEnglish language _vTextbooks for foreign speakers. _2BUEsh |
|
| 650 | 7 |
_aBusiness writing _vProblems, exercises, etc. _2BUEsh |
|
| 653 |
_bHHUUEENN _cSeptember2021 |
||
| 655 |
_vReading book _934232 |
||
| 906 |
_a7 _bcbc _ccopycat _d3 _encip _f20 _gy-gencatlg |
||
| 942 |
_2ddc _cBB |
||
| 999 |
_c29429 _d29400 |
||